| Tag |
First Indicator |
Second Indicator |
Subfields |
| LEADER |
00000cam a2200000Ia 4500 |
| 001 |
in00001995016 |
| 005 |
20151031113546.0 |
| 008 |
040804s2003 sp a j 000 1 spa d |
| 020 |
|
|
|a 8426351409 :
|c $6.95
|
| 035 |
|
|
|a (OCoLC)ocm56088690
|
| 040 |
|
|
|a TEF
|c TEF
|d TXA
|d UtOrBLW
|
| 049 |
|
|
|a TXAM
|
| 050 |
1 |
4 |
|a PZ73
|b .H5953 2003
|
| 082 |
0 |
4 |
|a [E]
|2 22
|
| 100 |
1 |
|
|a Hof, Marjolijn.
|
| 245 |
1 |
3 |
|a La flor :
|b [esconderse] /
|c Marjolijn Hof ; Fransje Smit.
|
| 246 |
3 |
0 |
|a Esconderse
|
| 264 |
|
1 |
|a [Zaragoza] :
|b Edelvives,
|c 2003.
|
| 300 |
|
|
|a 12 pages :
|b color illustrations ;
|c 17 cm.
|
| 336 |
|
|
|a text
|b txt
|2 rdacontent
|
| 337 |
|
|
|a unmediated
|b n
|2 rdamedia
|
| 338 |
|
|
|a volume
|b nc
|2 rdacarrier
|
| 490 |
1 |
|
|a Vaca y Cuco
|
| 650 |
|
0 |
|a Cows
|v Juvenile fiction.
|
| 650 |
|
1 |
|a Cows
|v Fiction.
|
| 650 |
|
7 |
|a Vacas
|v Novela juvenil.
|2 bidex
|
| 700 |
1 |
|
|a Smit, Fransje.
|
| 830 |
|
0 |
|a Vaca y Cuco.
|
| 948 |
|
|
|a cataloged
|b h
|c 2004/9/22
|d c
|e jgreene
|f 12:27:37 pm
|
| 994 |
|
|
|a E0
|b TXA
|
| 999 |
|
|
|a MARS
|
| 999 |
f |
f |
|s eae61cef-2e15-3a85-89d9-86b49e850812
|i 2e8d3ed0-f6c3-3f76-ac6f-d4c686ea1d4f
|t 0
|
| 952 |
f |
f |
|p ric
|a Texas A&M University
|b Rellis Campus
|c Joint Library Facility
|d Remote Storage
|t 0
|e PZ73 .H5953 2003
|h Library of Congress classification
|i unmediated -- volume
|m A14831352225
|
| 998 |
f |
f |
|a PZ73 .H5953 2003
|t 0
|l Remote Storage
|